| 000 | 00711nam a22001937a 4500 | ||
|---|---|---|---|
| 005 | 20180503104559.0 | ||
| 010 | _aENG-122569 | ||
| 020 |
_a9788192234915 _c75.00 |
||
| 035 | _aEN-106101 | ||
| 037 | _bDBAD/PUB | ||
| 082 | _a954.5 | ||
| 245 |
_aTtaditional methods of conflict resolution: _ced. by Souza, Alphonsus D. _bin three tribal societies of north east india / |
||
| 260 |
_aGuwahati _bNorth Eastern Social Research Centre _c2011 |
||
| 270 |
_aJagriti, (2d Floor), Arunodoi Path, GMCH Road, Christian Basti, _bGuwahati _e781005 |
||
| 300 |
_a98p. _c20cm.(pbk) _bill. |
||
| 490 | _aNESRC Peace Studies Series - 4 | ||
| 500 | _aIt include bibilography | ||
| 942 |
_2ddc _cEN _mTRA _h954.5 |
||
| 999 |
_c151161 _d151161 |
||